AC/DC Albums Ranked Worst To Best - Statistics

General Stats
  • This quiz has been taken 43 times
  • The average score is 13 of 20
Answer Stats
Hint Answer % Correct
1980 Back in Black
97%
1979 Highway to Hell
90%
2008 Black Ice
83%
1976 High Voltage
83%
1977 Let There Be Rock
83%
1976 Dirty Deeds Done Dirt Cheap
79%
1985 Fly on the Wall
76%
1981 For Those About To Rock (We Salute You)
76%
1978 Powerage
76%
1990 The Razors Edge
72%
2014 Rock or Bust
69%
2000 Stiff Upper Lip
69%
1995 Ballbreaker
66%
1983 Flick of the Switch
66%
2020 Power Up
59%
1988 Blow Up Your Video
55%
1992 Live
52%
1978 If You Want Blood (You've Got It)
45%
2012 Live at River Plate
31%
1984 '74 Jailbreak
24%
No matching quizzes found
Score Distribution
Percent of People with Each Score
Percentile by Number Answered
Your Score History
You have not taken this quiz